00363nam a2200085Ia 4500008004100000245010200041260000900143300010500152650002000257180130s9999 xx 000 0 und d cMore, Asit; Tapaswi, ShashikalaaVirtual machine introspection: towards bridging the semantic gap c2016 aBook title: Networking, models and methods of cloud computing--Acession number C20732; pages 227-240 aCLOUD COMPUTING